vampires diaries season 1-4 - Statistics

General Stats
  • This quiz has been taken 712 times
  • The average score is 8 of 15
Answer Stats
Hint Answer % Correct
who did elena first meet? damon
98%
who's doppleganger was elena? katherine
97%
who turnes caroline? katherine
97%
whos saved elena from drowning? stefan
87%
what year did stefan and damon turn? 1864
83%
who's stefan's bestfriend? lexi
79%
what is tyler? a wherewolf
71%
who is jeremy? elena's brother
60%
what does jeremy turn into in season 4? a vampire hunter
51%
who is turned into a vampire and is shortly killed after? jenna
33%
how did elenas parents die? car accident
21%
what is bonnie? a which
15%
who did tyler kill to trigger the curse? sarah
14%
who is klaus? an origional
3%
who is jenna? elena and jeremy's auntie
2%
No matching quizzes found
Score Distribution
Percent of People with Each Score
Percentile by Number Answered
Your Score History
You have not taken this quiz